000 01589nam0a22002651 4500
001 rc\4219003
005 20260407165403.0
021 _aRU
_bРг7153-58
035 _a(NLR Aleph) 008221350
090 _a8158098
_c8158098
100 _a20130416d1958 |||y0rusy50 ca
101 0 _arus
102 _aRU
105 _ay z |||||
200 1 _aПрименение магнитной и электрической сепараций для доводки коллективных концентратов россыпных месторождений
_e[Изложение доклада на Совещании по вопросу внедрения новой техники и обмену передовым производ. опытом в области обогащения полезных ископаемых Казахстана]
_fГос. науч.-техн. ком. Совета Министров Каз. ССР. Центр. ин-т науч.-техн. информации
210 _aАлма-Ата
_cБ. и.
_d1958
215 _a14 с.
_d29
300 _aЛитогр.
700 1 _aАввакумов
_bМ.И.
712 1 2 _aКазахское респ. совещание по вопросу внедрения новой техники и обмену передовым производственным опытом в области обогащения полезных ископаемых
_f1958
_eАлма-Ата
_3RU\NLR\AUTH\8810104933
_9710102
801 0 _aRU
_bNLR
_gpsbo
801 1 _aRU
_bELAR
_2rusmarc
852 _aNLR
_j58-8/1774
942 _cBOOK
980 _aNB